ბათუმის შოთა რუსთაველის სახელმწიფო უნივერსიტეტის ბიბლიოთეკა

Вопросы психологии : (ბიბ.ჩანაწერი № 56973)

000 -LEADER
fixed length control field 00703nam a22001817a 4500
005 - DATE AND TIME OF LATEST TRANSACTION
control field 20201224125332.0
008 - FIXED-LENGTH DATA ELEMENTS--GENERAL INFORMATION
fixed length control field 190916s2019 ru ||||| |||| 00| 0 rur d
022 ## - INTERNATIONAL STANDARD SERIAL NUMBER
International Standard Serial Number 00428841
041 ## - LANGUAGE CODE
Language code of text/sound track or separate title rur
245 ## - TITLE STATEMENT
Title Вопросы психологии :
Remainder of title 2019. Научный журнал /
Statement of responsibility, etc. Е.В. Щедрина Глав. редактор.
260 ## - PUBLICATION, DISTRIBUTION, ETC.
Place of publication, distribution, etc. Москва,
Date of publication, distribution, etc. 1955 -
Name of publisher, distributor, etc. 2019.
300 ## - PHYSICAL DESCRIPTION
Extent 120 стр.
Other physical details 25 см.
653 ## - INDEX TERM--UNCONTROLLED
Uncontrolled term Вопросы психологии
653 ## - INDEX TERM--UNCONTROLLED
Uncontrolled term ფსიქოლოგიის საკითხები
653 ## - INDEX TERM--UNCONTROLLED
Uncontrolled term პერიოდიკა
700 ## - ADDED ENTRY--PERSONAL NAME
Personal name Щедрина, Е.В.
Titles and other words associated with a name მთავარი რედაქტორი
9 (RLIN) 4010
942 ## - ADDED ENTRY ELEMENTS (KOHA)
Source of classification or shelving scheme
Koha item type პერიოდიკა
ეგზემპლარები
Withdrawn status Lost status Source of classification or shelving scheme Damaged status Not for loan Permanent Location Current Location Shelving location Date acquired Serial Enumeration / chronology Barcode Date last seen Copy number Price effective from Koha item type Cost, normal purchase price
        შიდა ფონდი ბათუმის შოთა რუსთაველის სახელმწიფო უნივერსიტეტის მთავარი ბიბლიოთეკა ბათუმის შოთა რუსთაველის სახელმწიფო უნივერსიტეტის მთავარი ბიბლიოთეკა წიგნსაცავი 2019-09-16 (№2), 2019 p80201 2019-09-16 p80201 2019-09-16 პერიოდიკა  
        შიდა ფონდი ბათუმის შოთა რუსთაველის სახელმწიფო უნივერსიტეტის მთავარი ბიბლიოთეკა ბათუმის შოთა რუსთაველის სახელმწიფო უნივერსიტეტის მთავარი ბიბლიოთეკა წიგნსაცავი 2019-10-21 (№3), 2019 p80255 2019-10-21 p80255 2019-10-21 პერიოდიკა 0.00
        შიდა ფონდი ბათუმის შოთა რუსთაველის სახელმწიფო უნივერსიტეტის მთავარი ბიბლიოთეკა ბათუმის შოთა რუსთაველის სახელმწიფო უნივერსიტეტის მთავარი ბიბლიოთეკა წიგნსაცავი 2020-02-18 (№5), 2019 p80565 2020-02-18 p80565 2020-02-18 პერიოდიკა  
        შიდა ფონდი ბათუმის შოთა რუსთაველის სახელმწიფო უნივერსიტეტის მთავარი ბიბლიოთეკა ბათუმის შოთა რუსთაველის სახელმწიფო უნივერსიტეტის მთავარი ბიბლიოთეკა წიგნსაცავი 2020-12-24 (#6), ноябрь-Декабрь, 2019 p80701 2020-12-24 p80701 2020-12-24 პერიოდიკა